Normal view
MARC view
Entry Personal Name
001 - CONTROL NUMBER
- control field: 7876
003 - CONTROL NUMBER IDENTIFIER
- control field: OSt
005 - DATE AND TIME OF LATEST TRANSACTION
- control field: 20211028144258.0
008 - FIXED-LENGTH DATA ELEMENTS
- fixed length control field: 211028|| aca||aabn | a|a d
040 ## - CATALOGING SOURCE
- Original cataloging agency: OSt
- Transcribing agency: OSt
100 ## - HEADING--PERSONAL NAME
- Personal name: Nesara H S; James, Justine.
- Miscellaneous information: 1616121
670 ## - SOURCE DATA FOUND
- Source citation: Work cat.: (OSt): Nesara H S; James, Justine. 1616121, Study on inter plant transfer and secondary sales at VISL Bhadravathi., 2018